000 01486nam a2200385 a 4500
008 970903s1997 m yxo aap r yy 0 slo c
020 _a8088824559
_cDar
040 _aSNK
_bslo
_cSNK
_eAACR2
041 1 _aslo
_hger
044 _axo
_cSK
080 _a618(075.8)
240 1 0 _aLehrbuch der Gynäkologie und Geburtshilfe
_lSlovensky
245 1 0 _aGynekológia a pôrodníctvo
_cautorský kolektív Meinert Breckwoldt ...[et al.] ; [z nemeckého originálu preložil Vladimír Mikulaj ... [et al.]]
260 _aMartin
_bOsveta
_c1997
300 _axxii, 658 s.
_bfotogr. (čiast. fareb.), tab.
_c25 cm
500 _aFotogr. a text na predsádkach
500 _aÚdaj o prekl. prevzatý z rubu tit. strany
500 _aNa vyd. pripravili Gerhard Martius, Meinert Breckwoldt, Albrecht Pfleiderer
504 _aBibliogr. odkazy. Reg.
650 0 7 _agynekológia
_xučebnice vysokoškolské
_2SNK
650 0 7 _apôrodníctvo
_xučebnice vysokoškolské
_2SNK
700 1 _aBreckwoldt, Meinert
_4aut
700 1 _aPfleiderer, Albrecht
_4aut
700 1 _aMartius, Gerhard
_4aut
700 1 _aMikulaj, Vladimír
_4trl
700 1 _aPlank, Karol
_4trl
700 1 _aLokša, Viliam
_4trl
700 1 _aŠtefanovičová, Ingrid
_4trl
700 1 _aFabelová, Gisela
_4aut
700 1 _aSchneider, Henning
_4aut
700 1 _aMartius, Joachim
_4aut
730 _tLehrbuch der Gynäkologie und Geburtshilfe
765 0 _tLehrbuch der Gynäkologie und Geburtshilfe
958 _aAUC
999 _c19941
_d19941